Iron(III) and Cobalt(III) Complexes with Pentadentate and Hexadentate Schiff Base Ligands - Synthesis, Spectral, Structural and Magnetic Investigation dissertation thesis
Guardado en:
| Autor principal: | |
|---|---|
| Formato: | Libro |
| Lenguaje: | inglés |
| Publicado: |
Bratislava
STU FCHPT
2017
|
| Acceso en línea: | Ver en el OPAC |
| Etiquetas: |
Sin Etiquetas, Sea el primero en etiquetar este registro!
|
MARC
| LEADER | 00000nam a2200000 a 4500 | ||
|---|---|---|---|
| 005 | 20260127134233.0 | ||
| 008 | 200427 2017 xo a 001 0 eng d | ||
| 035 | |a vtls011930909 | ||
| 039 | 9 | |a 202004271037 |b mschk03 |y 202004271022 |z mschk03 | |
| 040 | |a STUSCHK1 |b slo |c STUSCHK1 |e AACR2 | ||
| 100 | 1 | |a Pogány, Lukáč | |
| 245 | 1 | |a Iron(III) and Cobalt(III) Complexes with Pentadentate and Hexadentate Schiff Base Ligands - Synthesis, Spectral, Structural and Magnetic Investigation |b dissertation thesis |c Lukáš Pogány | |
| 260 | |a Bratislava |b STU FCHPT |c 2017 | ||
| 300 | |a 299 s. |b ill. |c 25 cm | ||
| 500 | |a Study programme: Inorganic Chemistry | ||
| 500 | |a Study field: Inorganic Chemistry | ||
| 500 | |a Training workpplace: Department of Inorganic Chemistry | ||
| 500 | |a FCHPT-20523-58212 | ||
| 910 | |a SCHK95 | ||
| 999 | |c 7486 |d 7486 | ||